Chúng tôi ở vùng lò lửa Trung Á : Tập phóng sự

Đã lưu trong:
书目详细资料
主要作者: Nguyễn, Như Phong
格式: 图书
语言:Undetermined
出版: Hà Nội Công an nhân dân 2004
主题:
标签: 添加标签
没有标签, 成为第一个标记此记录!
Thư viện lưu trữ: Trung tâm Học liệu Trường Đại học Cần Thơ
LEADER 00595nam a2200205Ia 4500
001 CTU_63381
008 210402s9999 xx 000 0 und d
020 |b 58000 
082 |a 895.922301 
082 |b Ph431 
100 |a Nguyễn, Như Phong 
245 0 |a Chúng tôi ở vùng lò lửa Trung Á : 
245 0 |b Tập phóng sự 
245 0 |c Nguyễn Như Phong 
260 |a Hà Nội 
260 |b Công an nhân dân 
260 |c 2004 
650 |a Short stories, vietname 
904 |i Mai Loan 
980 |a Trung tâm Học liệu Trường Đại học Cần Thơ